| Tag |
First Indicator |
Second Indicator |
Subfields |
| LEADER |
00000cam a2200000 a 4500 |
| 001 |
in00001408821 |
| 005 |
20151020070212.0 |
| 008 |
920623s1993 nyua j 000 1 eng |
| 010 |
|
|
|a 92072022
|
| 020 |
|
|
|a 1562823361
|
| 020 |
|
|
|a 156282337X (lib. ed.)
|
| 035 |
|
|
|a (OCoLC)26315140
|
| 035 |
|
|
|9 AHP8477AM
|
| 040 |
|
|
|a DLC
|c DLC
|d CAW
|d UtOrBLW
|
| 049 |
|
|
|a TXAG
|
| 050 |
0 |
0 |
|a PZ8.3.D9264
|b He 1993
|
| 082 |
0 |
0 |
|a [E]
|2 20
|
| 100 |
1 |
|
|a Dunphy, Madeleine.
|
| 245 |
1 |
0 |
|a Here is the Arctic winter /
|c Madeleine Dunphy ; illustrated by Alan James Robinson.
|
| 250 |
|
|
|a 1st ed.
|
| 264 |
|
1 |
|a New York :
|b Hyperion Books for Children,
|c [1993]
|
| 264 |
|
4 |
|c ©1993
|
| 300 |
|
|
|a 1 volume (unpaged) :
|b color illustrations ;
|c 22 cm.
|
| 336 |
|
|
|a text
|b txt
|2 rdacontent
|
| 337 |
|
|
|a unmediated
|b n
|2 rdamedia
|
| 338 |
|
|
|a volume
|b nc
|2 rdacarrier
|
| 520 |
|
|
|a Cumulative text introduces the animals of the cold white world that is the arctic winter.
|
| 650 |
|
0 |
|a Zoology
|z Arctic regions
|x Juvenile fiction.
|
| 650 |
|
0 |
|a Animals
|x Wintering
|z Arctic regions
|x Juvenile fiction.
|
| 651 |
|
0 |
|a Arctic regions
|x Juvenile fiction.
|
| 650 |
|
1 |
|a Zoology
|x Arctic regions
|x Fiction.
|
| 650 |
|
1 |
|a Stories in rhyme.
|
| 700 |
1 |
|
|a Robinson, Alan James,
|e illustrator.
|
| 999 |
|
|
|a MARS
|
| 999 |
f |
f |
|s df621f65-b948-3527-b4ed-36fb81c8edc7
|i 8ae9954d-c96f-3a9a-bfe5-1a7e0f6cf1d9
|t 0
|
| 952 |
f |
f |
|p normal
|a Texas A&M University
|b College Station
|c Sterling C. Evans Library
|d Evans: Curriculum Collection (4th floor)
|t 0
|e PZ8.3.D9264 He 1993
|h Library of Congress classification
|i unmediated -- volume
|m A14822239753
|
| 998 |
f |
f |
|a PZ8.3.D9264 He 1993
|t 0
|l Evans: Curriculum Collection (4th floor)
|